LDR 00934naa#a2200205#i#450# 001 RU\\bibl\118757 005 20260513235528.3 011 ## _a1994-4683 100 ## _a20230428b2023####ek#y0rusy0150####ca 102 ## _aRU 200 1# _aЭСТЕТИКА БЕЗОБРАЗНОГО В СОВРЕМЕННОМ СПОРТЕ _eЖурнальная статья 210 1# _aМосква _cНациональный государственный Университет физической культуры, спорта и здоровья им. П.Ф. Лесгафта _d2023 215 ## _a6 с. 608 ## _aЖурнальная статья _2local 675 ## _aФилософия. Теория. Назначение. Методика. Этика. Эстетика. 796.01 _z 700 #1 _aТимофеев _gА И 700 #1 _aЖиркова _gГ П 700 #1 _aКузнецова _gВ В 700 #1 _aПешков _gА И 856 4# _auchzapiski.lesgaft.spb.ru _u